Topology (Record no. 30152)
[ view plain ]
| 000 -LEADER | |
|---|---|
| fixed length control field | 00550 a2200157 4500 |
| 020 ## - INTERNATIONAL STANDARD BOOK NUMBER | |
| International Standard Book Number | 8183561201 |
| 082 ## - DEWEY DECIMAL CLASSIFICATION NUMBER | |
| Classification number | 514.05 |
| 090 ## - LOCALLY ASSIGNED LC-TYPE CALL NUMBER (OCLC); LOCAL CALL NUMBER (RLIN) | |
| -- | 1541 |
| -- | 1541 |
| 100 ## - MAIN ENTRY--PERSONAL NAME | |
| Personal name | Sharma, S. C. |
| 245 ## - TITLE STATEMENT | |
| Title | Topology |
| Remainder of title | Product & Quotient Space and Convergence |
| Statement of responsibility, etc. | S. C. Sharma |
| 260 ## - PUBLICATION, DISTRIBUTION, ETC. | |
| Place of publication, distribution, etc. | New Delhi |
| Name of publisher, distributor, etc. | Discovery Publishing House |
| Date of publication, distribution, etc. | 2006 |
| 440 ## - SERIES STATEMENT/ADDED ENTRY--TITLE | |
| Title | DPH Mathematics Series |
| 830 ## - SERIES ADDED ENTRY--UNIFORM TITLE | |
| Uniform title | DPH Mathematics Series |
| 942 ## - ADDED ENTRY ELEMENTS (KOHA) | |
| Institution code [OBSOLETE] | SNS |
| Koha item type | Book |
| Call number prefix | 514.05 SHA |
| Withdrawn status | Lost status | Damaged status | Not for loan | Permanent Location | Current Location | Date acquired | Total Checkouts | Full call number | Barcode | Date last seen | Price effective from | Koha item type |
|---|---|---|---|---|---|---|---|---|---|---|---|---|
| School of Natural Sciences (SNS) | School of Natural Sciences (SNS) | 05/26/2016 | 514.05 SHA | SNS0000851 | 11/24/2022 | 05/26/2016 | Book |
